Statistics for Name the Greek mythology story

Click here to take the quiz!

General Stats

  • This quiz has been taken 116 times
    (114 since last reset)
  • The average score is 4 of 6

Answer Stats

summaryname% Correct
A titan who stole fire from the gods and gave it to humans. As punishment he was chained to a rock in the Caucasus mountains for eternityprometheus and the theft of fire
96%
A mountain nymph who fell in love with a beautiful boy, Narcissus.She wanted to tell him that she loved him but she couldn't due a curse placed by hera ,later narissus found out and rejected her leaving her heartbroken which later led to Nemesis placing a curse on him which caused him to fall in love with his own reflectionnarcissus and echo
84%
A famous and talented weaver who got turned into a spider by Athena because Athena had lost a contest based on who was the best weaverarachne
83%
The king of Ephyra who was known for his massive ego and who often cheated death. He often angered Zeus, one day Zeus forced the king to roll a huge boulder up a hill, just when the boulder got to the top it would roll back downsisyphus
68%
A story about the god of light who loved a very beautiful girl. the girl did not love the god however the god continued to bother her. Tired she pleaded to the river god to turn her into a tree, the heart broken god named it the laurel treedaphne and apollo
54%
After he killed his wife, Megara and their children in a fit of madness, he was obliged the become the servant of Eurytheus. Later Eurytheus orderd him to complete 12 labors which was completed over 12 years.the 12 labors
43%

Score Distribution

Percentile by Number Answered

Percent of People with Each Score

Your Score History

You have not taken this quiz since the last reset